Una guerra de mil años y las contradicciones de su teología (Registro nro. 49787)
[ vista simple ]
| 000 -LÍDER | |
|---|---|
| Campo fijo de descripción fija | 01037aab a2200217 4500 |
| 001 - NÚMERO DE CONTROL | |
| Campo de control | 768714001 |
| 003 - IDENTIFICADOR DEL NÚMERO DE CONTROL | |
| Campo de control | CO-MdFUSB |
| 005 - FECHA Y HORA DE LA ULTIMA TRANSACCIÓN | |
| control field | 20240605144233.0 |
| 008 - ELEMENTOS DE LONGITUD FIJA -- INFORMACIÓN GENERAL | |
| Campo fijo de descripción fija -- Información general | 170509s1993 cr ||||| |||| 00| 0 spa d |
| 022 ## - NÚMERO INTERNACIONAL NORMALIZADO PARA PUBLICACIONES SERIADAS | |
| Número Internacional Normalizado para Publicaciones Seriadas | 1409-1968 |
| 040 ## - FUENTE DE CATALOGACIÓN | |
| Agencia Catalogadora | CO-MdFUSB |
| Idioma de catalogación | spa |
| Agencia que realiza la transcripción | CO-MdFUSB |
| Agencia que realiza la modificación | CO-MdFUSB |
| 041 ## - CÓDIGO DE IDIOMA | |
| Código de idioma para texto/pista de sonido o título separado | spa |
| 100 1# - ASIENTO PRINCIPAL--NOMBRE PERSONAL | |
| Nombre personal | Deiros, Pablo A. (Alberto) (1945-) |
| Término relacionador | autor |
| 245 10 - TÍTULO | |
| Título | Una guerra de mil años y las contradicciones de su teología |
| Mención de responsabilidad | / Pablo A. Deiros |
| 300 ## - DESCRIPCIÓN FÍSICA | |
| Extensión | Volumen 10. Número 5 (1993), páginas 32-34 |
| Dimensiones | : 27 cm. |
| 520 ## - NOTA DE RESUMEN, ETC. | |
| Nota de sumario, etc. | Durante varios siglos, los cristianos ibéricos se vieron comprometidos en una encarnizada lucha por la recuperación de sus territorios perdidos en manos de los musulmanes. En este proceso la lucha armada estuvo teñida de un profundo contenido religioso. Se combatía por reconquistar la tierra y por afirmar la fe católica. |
| 653 ## - TÉRMINO DE INDIZACIÓN - NO CONTROLADO | |
| Término no controlado | Guerra y teología |
| 773 0# - ASIENTO DE ITEM FUENTE | |
| Título | Apuntes Pastorales |
| Biblionumber | 49442 |
| Itemnumber | 60186 |
| Parte(s) relacionada(s) / Volumen., número. (mes año), páginas | Volumen 10. Número 5 (1993), páginas 32-34 |
| Enumeración y primera página | Página 32 |
| 942 ## - TIPO DE MATERIAL (KOHA) | |
| Tipo de Item KOHA | Artículos de Revista |
| 945 ## - INFORMACIÓN LOCAL DEL REGISTRO | |
| Catalogador | JTF-925 |
No hay ítems disponibles.
